Information technology auditing / (Record no. 2788)

MARC details
000 -LEADER
fixed length control field 00693nam a22002057a 4500
003 - CONTROL NUMBER IDENTIFIER
control field OSt
005 - DATE AND TIME OF LATEST TRANSACTION
control field 20250116025417.0
008 - FIXED-LENGTH DATA ELEMENTS--GENERAL INFORMATION
fixed length control field 250116b |||||||| |||| 00| | eng d
020 ## - INTERNATIONAL STANDARD BOOK NUMBER
International Standard Book Number 978-981-4780-30-8
040 ## - CATALOGING SOURCE
Transcribing agency JMCFI - Learning Resource Center
082 ## - DEWEY DECIMAL CLASSIFICATION NUMBER
Classification number F.P./IT.Ed. 658.0558 H174 2017
100 ## - MAIN ENTRY--PERSONAL NAME
Personal name Hall, James A
9 (RLIN) 1480
245 ## - TITLE STATEMENT
Title Information technology auditing /
Statement of responsibility, etc. James A. Hall.
250 ## - EDITION STATEMENT
Edition statement 4th edition.
260 ## - PUBLICATION, DISTRIBUTION, ETC.
Place of publication, distribution, etc. Singapore :
Name of publisher, distributor, etc. Cengage Learning Asia Pte Ltd.,
Date of publication, distribution, etc. 2017.
300 ## - PHYSICAL DESCRIPTION
Extent xv, 635 pages :
Other physical details black and white, illus. ;
Dimensions 25 cm
500 ## - GENERAL NOTE
General note Includes indexes and glossary.
650 ## - SUBJECT ADDED ENTRY--TOPICAL TERM
Topical term or geographic name entry element Electronic data processing
General subdivision Auditing.
9 (RLIN) 4829
942 ## - ADDED ENTRY ELEMENTS (KOHA)
Source of classification or shelving scheme Dewey Decimal Classification
Koha item type Books
Edition 4th edition
Suppress in OPAC No
Holdings
Withdrawn status Lost status Source of classification or shelving scheme Damaged status Not for loan Home library Current library Shelving location Date acquired Total Checkouts Full call number Barcode Date last seen Copy number Price effective from Koha item type Date due Date last checked out
    Dewey Decimal Classification     LRC - College (Main) LRC - College (Main) Foreign Publications - Information Technology Education 07/22/2019   F.P./IT.Ed. 658.0558 H174 2017 c1 00004272 01/16/2025 1 01/16/2025 Books    
    Dewey Decimal Classification     LRC - College (Main) LRC - College (Main) Foreign Publications - Information Technology Education 07/22/2019   F.P./IT.Ed. 658.0558 H174 2017 c2 00004273 01/16/2025 2 01/16/2025 Books    
    Dewey Decimal Classification     LRC - College (Main) LRC - College (Main) Foreign Publications - Information Technology Education 07/22/2019   F.P./IT.Ed. 658.0558 H174 2017 c3 00004274 01/16/2025 3 01/16/2025 Books    
    Dewey Decimal Classification     LRC - College (Main) LRC - College (Main) Foreign Publications - Information Technology Education 09/25/2019 1 F.P./IT.Ed. 658.0558 H174 2017 c4 00004275 02/21/2025 4 01/16/2025 Books 02/21/2025 02/21/2025
    Dewey Decimal Classification     LRC - College (Main) LRC - College (Main) Foreign Publications - Information Technology Education 07/22/2019   F.P./IT.Ed. 658.0558 H174 2017 c5 00005892 02/21/2025 5 02/21/2025 Books